| 000 | 01209nam2a22003011 4500 | ||
|---|---|---|---|
| 001 | rc\24475 | ||
| 005 | 20250620195633.0 | ||
| 010 |
_a5-88132-075-1 _930000 |
||
| 035 | _a(NLR Aleph) 005397953 | ||
| 090 |
_a7246268 _c7246268 |
||
| 100 | _a20021216d1994 |||y0rusy50 ca | ||
| 101 | 0 | _arus | |
| 102 | _aRU | ||
| 105 | _aa ||||||||| | ||
| 200 | 1 |
_aК звездам _e[Трилогия _eРоманы] _e= Worlds of Harry Harrison _f[Пер. с англ. Г. Швейника] _g[Ил. М. Захаренкова] |
|
| 210 |
_d1994 _aБ. м. |
||
| 215 |
_a543 с. _cил. |
||
| 327 | 1 | _aСодерж.: Дома; На колесах; Возвращение | |
| 461 | 0 |
_1001rc\24468 _12001#$aМиры Гарри Гаррисона$e[Пер. с англ.$fИл.: А. Кириллов]$vКн. 9 _1700#1$aГаррисон$bГ.$gГарри$cписатель-фантаст$f1925-2012$3RU\NLR\AUTH\774785 |
|
| 464 | 0 |
_12001#$aДома _tДома |
|
| 464 | 0 |
_12001#$aНа колесах _tНа колесах |
|
| 464 | 0 |
_12001#$aВозвращение _tВозвращение |
|
| 801 | 0 |
_aRU _bNLR _gpsbo |
|
| 801 | 1 |
_aRU _bELAR _2rusmarc |
|
| 852 |
_aNLR _j92-3/7295 |
||
| 942 | _cBOOK | ||
| 980 | _aNB | ||